Library Logo

Pioneer International University Library Catalogue

SARA (Record no. 9610)

MARC details
000 -LEADER
fixed length control field 00377nam a22001457a 4500
003 - CONTROL NUMBER IDENTIFIER
control field OSt
005 - DATE AND TIME OF LATEST TRANSACTION
control field 20251014124034.0
008 - FIXED-LENGTH DATA ELEMENTS--GENERAL INFORMATION
fixed length control field 251014b |||||||| |||| 00| 0 eng d
020 ## - INTERNATIONAL STANDARD BOOK NUMBER
International Standard Book Number UNITED NATIONS CHILDREN ACT
040 ## - CATALOGING SOURCE
Transcribing agency UNICEF ESARO
050 ## - LIBRARY OF CONGRESS CALL NUMBER
Classification number PZ 7 .M33 1996
245 ## - TITLE STATEMENT
Title SARA
Remainder of title ZAWADI MAALUM
Statement of responsibility, etc. UNICEF
260 ## - PUBLICATION, DISTRIBUTION, ETC.
Place of publication, distribution, etc. NAIROBI KENYA
Name of publisher, distributor, etc. UNICEF ESARO
Date of publication, distribution, etc. 1996
942 ## - ADDED ENTRY ELEMENTS (KOHA)
Source of classification or shelving scheme Library of Congress Classification
Koha item type Books
Suppress in OPAC No

No items available.